James Simon : (Record no. 22417)

000 -LEADER
fixed length control field 01492cam a22003977a 4500
001 - CONTROL NUMBER
control field 15292373
005 - DATE AND TIME OF LATEST TRANSACTION
control field 20170124103033.0
008 - FIXED-LENGTH DATA ELEMENTS--GENERAL INFORMATION
fixed length control field 080507s2007 gw a 001 0dger
010 ## - LIBRARY OF CONGRESS CONTROL NUMBER
LC control number 2008273657
015 ## - NATIONAL BIBLIOGRAPHY NUMBER
National bibliography number GBA794287
Source bnb
016 7# - NATIONAL BIBLIOGRAPHIC AGENCY CONTROL NUMBER
Record control number 014054758
Source Uk
020 ## - INTERNATIONAL STANDARD BOOK NUMBER
International Standard Book Number 9783791337593
020 ## - INTERNATIONAL STANDARD BOOK NUMBER
International Standard Book Number 3791337599
035 ## - SYSTEM CONTROL NUMBER
System control number (OCoLC)ocn181925132
040 ## - CATALOGING SOURCE
Original cataloging agency UKM
Transcribing agency UKM
Modifying agency BAKER
-- YDXCP
-- EMU
-- DLC
041 0# - LANGUAGE CODE
Language code of text/sound track or separate title ger
-- eng
042 ## - AUTHENTICATION CODE
Authentication code ukscp
-- lccopycat
043 ## - GEOGRAPHIC AREA CODE
Geographic area code e-gx---
050 00 - LIBRARY OF CONGRESS CALL NUMBER
Classification number N5267
Item number .S56J35 2007
245 00 - TITLE STATEMENT
Title James Simon :
Remainder of title Philanthrop und Kunstmäzen = philanthropist and patron of the arts /
Statement of responsibility, etc. herausgegeben von Bernd Schultz ; essays von Olaf Matthes, Bernd Schultz ; beiträge von Herbert Butz ... [et al.] ; übersetzt von Dayna Sadow.
250 ## - EDITION STATEMENT
Edition statement 2., überarbeitete Aufl.
260 ## - PUBLICATION, DISTRIBUTION, ETC. (IMPRINT)
Place of publication, distribution, etc. München ;
-- New York :
Name of publisher, distributor, etc. Prestel,
Date of publication, distribution, etc. 2007.
300 ## - PHYSICAL DESCRIPTION
Extent 158 p. :
Other physical details ill. (some col.) ;
Dimensions 31 cm.
500 ## - GENERAL NOTE
General note Includes indexes.
546 ## - LANGUAGE NOTE
Language note German and English.
600 10 - SUBJECT ADDED ENTRY--PERSONAL NAME
Personal name Simon, James,
Dates associated with a name 1851-1932.
650 #0 - SUBJECT ADDED ENTRY--TOPICAL TERM
Topical term or geographic name as entry element Art donors
Geographic subdivision Germany
-- Berlin.
650 10 - SUBJECT ADDED ENTRY--TOPICAL TERM
Topical term or geographic name as entry element Philanthropists
Geographic subdivision Germany
-- Berlin.
650 #0 - SUBJECT ADDED ENTRY--TOPICAL TERM
Topical term or geographic name as entry element Art
Geographic subdivision Germany
-- Berlin.
700 1# - ADDED ENTRY--PERSONAL NAME
Personal name Schultz, Bernd.
700 1# - ADDED ENTRY--PERSONAL NAME
Personal name Matthes, Olaf,
Dates associated with a name 1965-
700 1# - ADDED ENTRY--PERSONAL NAME
Personal name Butz, Herbert.
942 ## - ADDED ENTRY ELEMENTS (KOHA)
Source of classification or shelving scheme
Koha item type Hard Covered Materials
Classification part N5265 .S56J35 2007
Holdings
Withdrawn status Lost status Source of classification or shelving scheme Damaged status Not for loan Home library Current library Shelving location Date acquired Source of acquisition Total Checkouts Full call number Barcode Date last seen Price effective from Koha item type
          MACHAKOS UNIVERSITY LIBRARY MACHAKOS UNIVERSITY LIBRARY Technical section 24/01/2017 Donation(BFA)   N5265 .S56J35 2007 31837 05/07/2018 24/01/2017 Hard Covered Materials
© Machakos University Library, Along The Highway, Machakos Wote Rd, Machakos, Kenya P.O. Box 136 - 90100 Machakos - Kenya

Tel: ( +254 ) 723 805829 OR Fax : 044-20353 OR Email: library@mksu.ac.ke